| 000 | 01255njm a22002777a 4500 | ||
|---|---|---|---|
| 005 | 20100914145633.0 | ||
| 006 | a|||||r|||||00| 0 | ||
| 007 | sd ammalaaahaa | ||
| 008 | 100907t xxu||||| |||| 00| 0 eng d | ||
| 028 |
_a2392 022 _bPolydor |
||
| 035 | _aGR-02125 | ||
| 100 |
_aKishore Kumar _918693 |
||
| 245 |
_aJawani Diwani / _cby Kishore Kumar and Chorus; music by R.D. Burman; lyric by Anand Bakshi _h[Sound recording] |
||
| 246 | _aजवानी दीवानी / किशोर कुमार द्वारा | ||
| 260 |
_aDum Dum, India _bPolydor _c1972 |
||
| 300 |
_a1 sound disc [Gramophone Recording] _banalog, 33 1/3rpm ; _c12 in. (LP) _fGramaphone Records |
||
| 500 | _aBrief record | ||
| 500 | _aRecord Labels : Polydor, Red | ||
| 505 | _aSide-1 सामने ये कौन आया (Samne ye kaun aya) (Kishore Kumar and Chorus) --Side-2 अगर साज़ छेदा (Agar saaz cheda) (Kishore Kumar [and] Asha Bhosle) | ||
| 600 |
_aKishore Kumar _919892 |
||
| 650 |
_aFilm songs _xExcerpts _zIndia _918694 |
||
| 700 |
_aBurman, R.D. _920026 |
||
| 700 |
_aBakshi, Anand _919980 |
||
| 942 |
_2ddc _cGR |
||
| 999 |
_c45742 _d45742 |
||